[Event "45th FIDE Chess Olympiad Open"]
[Site "Budapest, Hungary"]
[Date "2024.09.22"]
[Round "11"]
[White "Kantans, Toms"]
[Black "Risteski, Emil"]
[Result "1-0"]
[Board "111"]
[WhiteFideId "11602945"]
[BlackFideId "15005267"]
[WhiteTitle "GM"]
[BlackTitle "IM"]
[WhiteElo "2486"]
[BlackElo "2367"]
[WhiteTeam "Latvia"]
[BlackTeam "North Macedonia"]
[WhiteClock "0:28:45"]
[BlackClock "0:29:51"]
[Variant "Standard"]

1. e4 {[%clk 1:30:56]}  c5 {[%clk 1:30:49]} 2. Nf3 {[%clk 1:31:18]}  e6 {[%clk 1:31:16]} 3. d4 {[%clk 1:31:26]}  cxd4 {[%clk 1:31:40]} 4. Nxd4 {[%clk 1:31:51]}  Nf6 {[%clk 1:31:58]} 5. Nc3 {[%clk 1:31:39]}  Nc6 {[%clk 1:32:23]} 6. Ndb5 {[%clk 1:29:11]}  Bc5 {[%clk 1:32:30]} 7. Bf4 {[%clk 1:28:52]}  O-O {[%clk 1:32:43]} 8. Bc7 {[%clk 1:29:17]}  Qe7 {[%clk 1:33:09]} 9. Bd6 {[%clk 1:29:41]}  Bxd6 {[%clk 1:33:36]} 10. Qxd6 {[%clk 1:30:04]}  Qd8 {[%clk 1:33:57]} 11. O-O-O {[%clk 1:29:47]}  a6 {[%clk 1:34:04]} 12. Nd4 {[%clk 1:30:11]}  Ne7 {[%clk 1:34:26]} 13. h4 {[%clk 1:30:02]}  b5 {[%clk 1:34:26]} 14. h5 {[%clk 1:30:08]}  h6 {[%clk 1:34:32]} 15. g4 {[%clk 1:29:11]}  Bb7 {[%clk 1:34:47]} 16. f3 {[%clk 1:29:16]}  Re8 {[%clk 1:34:51]} 17. Nb3 {[%clk 1:17:05]}  Qb8 {[%clk 1:31:47]} 18. Na5 {[%clk 1:14:03]}  Qxd6 {[%clk 1:27:12]} 19. Rxd6 {[%clk 1:14:27]}  Bc6 {[%clk 1:27:00]} 20. a3 {[%clk 1:09:57]}  Red8 {[%clk 1:26:31]} 21. Bg2 {[%clk 1:04:32]}  Ne8 {[%clk 1:22:18]} 22. Rd3 {[%clk 1:04:39]}  e5 {[%clk 1:19:39]} 23. Rhd1 {[%clk 1:03:27]}  d6 {[%clk 1:18:29]} 24. Na2 {[%clk 1:00:31]}  Ra7 {[%clk 1:11:14]} 25. Nb4 {[%clk 0:58:39]}  Ba8 {[%clk 1:11:24]} 26. Bf1 {[%clk 0:58:31]}  Rc8 {[%clk 1:08:24]} 27. a4 {[%clk 0:47:50]}  bxa4 {[%clk 1:05:34]} 28. Ra3 {[%clk 0:48:13]}  d5 {[%clk 1:00:19]} 29. exd5 {[%clk 0:47:41]}  Nf6 {[%clk 0:58:53]} 30. Bxa6 {[%clk 0:25:03]}  Rb8 {[%clk 0:52:48]} 31. Rxa4 {[%clk 0:24:58]}  Nfxd5 {[%clk 0:50:14]} 32. Rxd5 {[%clk 0:20:12]}  Nxd5 {[%clk 0:48:07]} 33. Nbc6 {[%clk 0:20:37]}  Rxa6 {[%clk 0:46:49]} 34. Nxb8 {[%clk 0:21:04]}  Ra7 {[%clk 0:45:49]} 35. Ra3 {[%clk 0:19:01]}  Ne7 {[%clk 0:44:44]} 36. b4 {[%clk 0:16:51]}  e4 {[%clk 0:42:04]} 37. fxe4 {[%clk 0:16:38]}  Bxe4 {[%clk 0:42:26]} 38. Re3 {[%clk 0:15:41]}  Bg2 {[%clk 0:40:55]} 39. c4 {[%clk 0:14:19]}  f5 {[%clk 0:40:33]} 40. gxf5 {[%clk 0:13:26]}  Nxf5 {[%clk 0:40:54]} 41. Re5 {[%clk 0:13:33]}  Nd4 {[%clk 0:40:06]} 42. Kb2 {[%clk 0:13:15]}  Ra8 {[%clk 0:37:41]} 43. Nd7 {[%clk 0:12:09]}  Nc6 {[%clk 0:36:27]} 44. Nxc6 {[%clk 0:10:28]}  Bxc6 {[%clk 0:36:53]} 45. Nc5 {[%clk 0:10:48]}  Be8 {[%clk 0:33:52]} 46. Ne4 {[%clk 0:01:36]}  Bc6 {[%clk 0:29:51]} 47. Nd6 {[%clk 0:28:45]} 1-0

[Event "45th FIDE Chess Olympiad Open"]
[Site "Budapest, Hungary"]
[Date "2024.09.22"]
[Round "11"]
[White "Zlatkov, Anton"]
[Black "Starostits, Ilmars"]
[Result "0-1"]
[Board "112"]
[WhiteFideId "15005402"]
[BlackFideId "11600748"]
[WhiteTitle "FM"]
[BlackTitle "GM"]
[WhiteElo "2346"]
[BlackElo "2344"]
[WhiteTeam "North Macedonia"]
[BlackTeam "Latvia"]
[WhiteClock "0:01:07"]
[BlackClock "0:24:29"]
[Variant "Standard"]

1. e4 {[%clk 1:30:55]}  c6 {[%clk 1:30:53]} 2. d4 {[%clk 1:31:14]}  d5 {[%clk 1:31:18]} 3. e5 {[%clk 1:31:36]}  Bf5 {[%clk 1:31:36]} 4. h4 {[%clk 1:31:47]}  a6 {[%clk 1:30:47]} 5. c4 {[%clk 1:17:18]}  e6 {[%clk 1:29:47]} 6. Nc3 {[%clk 1:17:31]}  h5 {[%clk 1:29:53]} 7. Nge2 {[%clk 1:09:09]}  dxc4 {[%clk 1:24:06]} 8. Ng3 {[%clk 1:08:23]}  b5 {[%clk 1:24:29]} 9. Bg5 {[%clk 1:01:59]}  Be7 {[%clk 1:21:02]} 10. a4 {[%clk 0:52:28]}  Nd7 {[%clk 1:13:54]} 11. Nxf5 {[%clk 0:44:53]}  exf5 {[%clk 1:13:50]} 12. Qf3 {[%clk 0:45:22]}  Bxg5 {[%clk 1:02:06]} 13. hxg5 {[%clk 0:43:13]}  Ne7 {[%clk 1:02:32]} 14. Rxh5 {[%clk 0:41:15]}  Rxh5 {[%clk 1:01:52]} 15. Qxh5 {[%clk 0:41:35]}  Nf8 {[%clk 1:01:54]} 16. Rd1 {[%clk 0:29:55]}  g6 {[%clk 0:57:58]} 17. Qh8 {[%clk 0:28:17]}  Qa5 {[%clk 0:54:47]} 18. Qf6 {[%clk 0:17:07]}  Rc8 {[%clk 0:51:42]} 19. Be2 {[%clk 0:13:34]}  Nd5 {[%clk 0:48:17]} 20. Qh8 {[%clk 0:13:56]}  bxa4 {[%clk 0:42:54]} 21. Kf1 {[%clk 0:12:03]}  a3 {[%clk 0:43:08]} 22. Nxd5 {[%clk 0:12:22]}  cxd5 {[%clk 0:43:33]} 23. bxa3 {[%clk 0:12:34]}  c3 {[%clk 0:42:22]} 24. Qh3 {[%clk 0:10:56]}  Ne6 {[%clk 0:40:03]} 25. Qd3 {[%clk 0:09:09]}  Qxa3 {[%clk 0:33:53]} 26. g4 {[%clk 0:09:14]}  f4 {[%clk 0:30:23]} 27. Bf3 {[%clk 0:03:19]}  Qa2 {[%clk 0:24:20]} 28. Qb1 {[%clk 0:01:17]}  Qc4+ {[%clk 0:24:08]} 29. Be2 {[%clk 0:01:07]}  c2 {[%clk 0:24:29]} 0-1

[Event "45th FIDE Chess Olympiad Open"]
[Site "Budapest, Hungary"]
[Date "2024.09.22"]
[Round "11"]
[White "Garcia Pantoja, Roberto"]
[Black "Tran, Thanh Tu"]
[Result "1-0"]
[Board "113"]
[WhiteFideId "3509265"]
[BlackFideId "12401404"]
[WhiteTitle "GM"]
[BlackTitle "CM"]
[WhiteElo "2550"]
[BlackElo "2387"]
[WhiteTeam "Colombia"]
[BlackTeam "Japan"]
[WhiteClock "0:21:44"]
[BlackClock "0:06:39"]
[Variant "Standard"]

1. e4 {[%clk 1:30:57]}  c5 {[%clk 1:30:32]} 2. Nf3 {[%clk 1:31:15]}  g6 {[%clk 1:30:29]} 3. d4 {[%clk 1:31:07]}  cxd4 {[%clk 1:30:52]} 4. Nxd4 {[%clk 1:31:30]}  Bg7 {[%clk 1:30:43]} 5. c4 {[%clk 1:31:46]}  Nc6 {[%clk 1:30:42]} 6. Be3 {[%clk 1:32:07]}  Qb6 {[%clk 1:29:45]} 7. Nb5 {[%clk 1:31:55]}  Qa5+ {[%clk 1:30:02]} 8. N5c3 {[%clk 1:32:19]}  d6 {[%clk 1:28:45]} 9. Be2 {[%clk 1:32:17]}  f5 {[%clk 1:18:38]} 10. exf5 {[%clk 1:30:49]}  Bxf5 {[%clk 1:18:39]} 11. O-O {[%clk 1:31:09]}  Nf6 {[%clk 1:18:20]} 12. Nd2 {[%clk 1:31:27]}  O-O {[%clk 1:13:02]} 13. Nb3 {[%clk 1:30:41]}  Qd8 {[%clk 1:12:11]} 14. Nd4 {[%clk 1:31:02]}  Bd7 {[%clk 1:08:11]} 15. h3 {[%clk 1:31:23]}  Kh8 {[%clk 1:06:07]} 16. Qd2 {[%clk 1:30:10]}  Rc8 {[%clk 0:55:09]} 17. Rac1 {[%clk 1:29:15]}  Nh5 {[%clk 0:46:11]} 18. Nxc6 {[%clk 1:17:30]}  bxc6 {[%clk 0:40:31]} 19. Rfe1 {[%clk 1:17:22]}  Qa5 {[%clk 0:32:33]} 20. c5 {[%clk 1:00:36]}  d5 {[%clk 0:32:13]} 21. Bxh5 {[%clk 0:59:16]}  gxh5 {[%clk 0:32:38]} 22. Bd4 {[%clk 0:59:38]}  Rf7 {[%clk 0:32:46]} 23. Re5 {[%clk 0:53:11]}  Bxe5 {[%clk 0:22:44]} 24. Bxe5+ {[%clk 0:53:33]}  Kg8 {[%clk 0:23:13]} 25. Qd4 {[%clk 0:44:10]}  Rcf8 {[%clk 0:21:39]} 26. f4 {[%clk 0:44:20]}  Bf5 {[%clk 0:21:32]} 27. b4 {[%clk 0:42:38]}  Qa6 {[%clk 0:20:05]} 28. b5 {[%clk 0:38:22]}  cxb5 {[%clk 0:19:48]} 29. Nxd5 {[%clk 0:38:00]}  Qg6 {[%clk 0:12:28]} 30. Rc3 {[%clk 0:32:17]}  Be4 {[%clk 0:12:49]} 31. Qf2 {[%clk 0:32:42]}  h4 {[%clk 0:12:07]} 32. Ne3 {[%clk 0:33:07]}  Rd8 {[%clk 0:10:41]} 33. c6 {[%clk 0:20:31]}  Rc8 {[%clk 0:01:55]} 34. c7 {[%clk 0:20:31]}  Qh5 {[%clk 0:01:42]} 35. Rc5 {[%clk 0:19:36]}  a6 {[%clk 0:00:41]} 36. Ng4 {[%clk 0:16:51]}  Qg6 {[%clk 0:01:10]} 37. Qxh4 {[%clk 0:15:29]}  h5 {[%clk 0:01:38]} 38. Ne3 {[%clk 0:15:53]}  Kf8 {[%clk 0:01:29]} 39. Kh2 {[%clk 0:11:38]}  Ke8 {[%clk 0:00:56]} 40. Qe1 {[%clk 0:07:29]}  Bb7 {[%clk 0:00:41]} 41. a4 {[%clk 0:29:09]}  Qd3 {[%clk 0:20:30]} 42. axb5 {[%clk 0:28:58]}  axb5 {[%clk 0:20:15]} 43. Qa5 {[%clk 0:23:40]}  e6 {[%clk 0:12:34]} 44. Qb6 {[%clk 0:20:49]}  Qe4 {[%clk 0:11:26]} 45. Qxb5+ {[%clk 0:19:33]}  Ke7 {[%clk 0:06:19]} 46. Rc4 {[%clk 0:19:30]}  Qxe3 {[%clk 0:06:38]} 47. Qb4+ {[%clk 0:19:50]}  Kd7 {[%clk 0:06:10]} 48. Qxb7 {[%clk 0:20:06]}  h4 {[%clk 0:04:31]} 49. Qc6+ {[%clk 0:19:51]}  Ke7 {[%clk 0:04:56]} 50. Qd6+ {[%clk 0:20:18]}  Ke8 {[%clk 0:05:22]} 51. Qxe6+ {[%clk 0:20:45]}  Re7 {[%clk 0:05:46]} 52. Qxc8+ {[%clk 0:21:01]}  Kf7 {[%clk 0:06:13]} 53. Qf5+ {[%clk 0:21:23]}  Ke8 {[%clk 0:06:39]} 54. c8=R# {[%clk 0:21:44]} 1-0

[Event "45th FIDE Chess Olympiad Open"]
[Site "Budapest, Hungary"]
[Date "2024.09.22"]
[Round "11"]
[White "Nanjo, Ryosuke"]
[Black "Cardoso Cardoso, Jose Gabriel"]
[Result "0-1"]
[Board "114"]
[WhiteFideId "7000634"]
[BlackFideId "4430492"]
[WhiteTitle "IM"]
[BlackTitle "GM"]
[WhiteElo "2372"]
[BlackElo "2508"]
[WhiteTeam "Japan"]
[BlackTeam "Colombia"]
[WhiteClock "0:01:13"]
[BlackClock "0:33:21"]
[Variant "Standard"]

1. e4 {[%clk 1:30:54]}  c5 {[%clk 1:30:48]} 2. Nf3 {[%clk 1:31:21]}  d6 {[%clk 1:31:09]} 3. Bb5+ {[%clk 1:31:37]}  Nd7 {[%clk 1:31:29]} 4. a4 {[%clk 1:32:01]}  Ngf6 {[%clk 1:31:23]} 5. Nc3 {[%clk 1:32:25]}  a6 {[%clk 1:31:48]} 6. Be2 {[%clk 1:32:34]}  b6 {[%clk 1:32:09]} 7. d4 {[%clk 1:32:53]}  cxd4 {[%clk 1:32:35]} 8. Qxd4 {[%clk 1:33:20]}  Bb7 {[%clk 1:32:58]} 9. O-O {[%clk 1:33:35]}  e6 {[%clk 1:33:01]} 10. Rd1 {[%clk 1:33:44]}  Qc7 {[%clk 1:33:06]} 11. Be3 {[%clk 1:33:53]}  Ng4 {[%clk 1:33:29]} 12. Bg5 {[%clk 1:34:13]}  h6 {[%clk 1:33:49]} 13. Bh4 {[%clk 1:34:36]}  Nge5 {[%clk 1:34:11]} 14. Qe3 {[%clk 1:34:22]}  Rc8 {[%clk 1:28:39]} 15. Nd4 {[%clk 1:26:32]}  g5 {[%clk 1:24:01]} 16. Bg3 {[%clk 1:15:56]}  Qc5 {[%clk 1:19:51]} 17. Ra3 {[%clk 0:43:28]}  Be7 {[%clk 1:12:16]} 18. a5 {[%clk 0:27:20]}  b5 {[%clk 1:05:13]} 19. b4 {[%clk 0:24:00]}  Qxb4 {[%clk 1:01:35]} 20. Rb3 {[%clk 0:23:37]}  Qxa5 {[%clk 1:00:13]} 21. Ncxb5 {[%clk 0:22:55]}  axb5 {[%clk 0:59:18]} 22. Rxb5 {[%clk 0:20:42]}  Qc7 {[%clk 0:53:46]} 23. Bxe5 {[%clk 0:06:53]}  Nxe5 {[%clk 0:52:14]} 24. Qb3 {[%clk 0:03:25]}  Ba6 {[%clk 0:44:01]} 25. Nxe6 {[%clk 0:01:29]}  fxe6 {[%clk 0:43:42]} 26. Bh5+ {[%clk 0:01:24]}  Nf7 {[%clk 0:39:11]} 27. Qxe6 {[%clk 0:00:32]}  Bxb5 {[%clk 0:39:32]} 28. Qxf7+ {[%clk 0:00:39]}  Kd8 {[%clk 0:39:57]} 29. e5 {[%clk 0:00:50]}  Rf8 {[%clk 0:34:43]} 30. Qg7 {[%clk 0:00:40]}  Qxc2 {[%clk 0:34:04]} 31. h3 {[%clk 0:00:31]}  Qxf2+ {[%clk 0:34:18]} 32. Kh1 {[%clk 0:01:00]}  Bf1 {[%clk 0:32:52]} 33. Bf3 {[%clk 0:00:51]}  Rxf3 {[%clk 0:33:00]} 34. Rxf1 {[%clk 0:00:36]}  Qxf1+ {[%clk 0:33:22]} 35. Kh2 {[%clk 0:01:04]}  Rc2 {[%clk 0:33:08]} 36. Qg8+ {[%clk 0:01:13]}  Bf8 {[%clk 0:33:21]} 0-1

[Event "45th FIDE Chess Olympiad Open"]
[Site "Budapest, Hungary"]
[Date "2024.09.22"]
[Round "11"]
[White "Avila Pavas, Santiago"]
[Black "Aoshima, Mirai"]
[Result "1-0"]
[Board "115"]
[WhiteFideId "4437128"]
[BlackFideId "7002386"]
[WhiteTitle "GM"]
[BlackTitle "FM"]
[WhiteElo "2485"]
[BlackElo "2385"]
[WhiteTeam "Colombia"]
[BlackTeam "Japan"]
[WhiteClock "0:02:06"]
[BlackClock "0:00:58"]
[Variant "Standard"]

1. e4 {[%clk 1:30:57]}  c5 {[%clk 1:30:55]} 2. Nf3 {[%clk 1:31:21]}  d6 {[%clk 1:31:17]} 3. Bb5+ {[%clk 1:30:54]}  Nd7 {[%clk 1:31:38]} 4. d4 {[%clk 1:31:19]}  cxd4 {[%clk 1:31:53]} 5. Qxd4 {[%clk 1:31:45]}  a6 {[%clk 1:32:00]} 6. Be2 {[%clk 1:32:10]}  Ngf6 {[%clk 1:31:50]} 7. c4 {[%clk 1:32:35]}  e5 {[%clk 1:30:29]} 8. Qe3 {[%clk 1:33:00]}  d5 {[%clk 1:30:22]} 9. exd5 {[%clk 1:33:24]}  Bc5 {[%clk 1:30:40]} 10. Qb3 {[%clk 1:33:50]}  e4 {[%clk 1:30:06]} 11. Nh4 {[%clk 1:34:08]}  O-O {[%clk 1:29:14]} 12. O-O {[%clk 1:34:15]}  b5 {[%clk 1:20:54]} 13. Qg3 {[%clk 1:03:56]}  Nb6 {[%clk 1:14:06]} 14. Nc3 {[%clk 0:55:35]}  Nxc4 {[%clk 0:48:42]} 15. Bh6 {[%clk 0:33:05]}  Ne8 {[%clk 0:49:06]} 16. Nxe4 {[%clk 0:32:58]}  Be7 {[%clk 0:48:02]} 17. Bg5 {[%clk 0:20:04]}  f6 {[%clk 0:19:31]} 18. Bxc4 {[%clk 0:20:18]}  bxc4 {[%clk 0:19:52]} 19. d6 {[%clk 0:20:11]}  Nxd6 {[%clk 0:17:56]} 20. Bh6 {[%clk 0:10:38]}  Ne8 {[%clk 0:18:07]} 21. Rad1 {[%clk 0:09:09]}  Qb6 {[%clk 0:17:10]} 22. Nc3 {[%clk 0:07:50]}  Qxb2 {[%clk 0:13:00]} 23. Rfe1 {[%clk 0:08:16]}  Ra7 {[%clk 0:13:06]} 24. Rb1 {[%clk 0:06:40]}  Qc2 {[%clk 0:12:18]} 25. Qb8 {[%clk 0:01:19]}  Bc5 {[%clk 0:09:46]} 26. Ne4 {[%clk 0:01:46]}  Rc7 {[%clk 0:06:43]} 27. Bf4 {[%clk 0:01:15]}  Ba7 {[%clk 0:06:02]} 28. Qa8 {[%clk 0:01:32]}  Re7 {[%clk 0:05:42]} 29. Rbc1 {[%clk 0:01:25]}  Qxa2 {[%clk 0:04:20]} 30. Qxc8 {[%clk 0:00:32]}  f5 {[%clk 0:01:16]} 31. Nxf5 {[%clk 0:00:54]}  Ref7 {[%clk 0:01:45]} 32. Qe6 {[%clk 0:01:07]}  Kh8 {[%clk 0:01:24]} 33. Ng5 {[%clk 0:01:02]}  Rf6 {[%clk 0:01:03]} 34. Nf7+ {[%clk 0:00:39]}  R6xf7 {[%clk 0:00:33]} 35. Qxf7 {[%clk 0:01:08]}  Qxf2+ {[%clk 0:00:32]} 36. Kh1 {[%clk 0:01:37]}  Qg1+ {[%clk 0:00:32]} 37. Rxg1 {[%clk 0:02:06]}  Rxf7 {[%clk 0:00:58]} 38. Rge1 {[%clk 0:02:06]} 1-0

[Event "45th FIDE Chess Olympiad Open"]
[Site "Budapest, Hungary"]
[Date "2024.09.22"]
[Round "11"]
[White "Kojima, Shinya"]
[Black "Valderrama Quiceno, Esteban Alb"]
[Result "1-0"]
[Board "116"]
[WhiteFideId "7000812"]
[BlackFideId "4442024"]
[WhiteTitle "IM"]
[BlackTitle "IM"]
[WhiteElo "2299"]
[BlackElo "2418"]
[WhiteTeam "Japan"]
[BlackTeam "Colombia"]
[WhiteClock "0:28:05"]
[BlackClock "0:14:24"]
[Variant "Standard"]

1. d4 {[%clk 1:30:56]}  Nf6 {[%clk 1:29:25]} 2. c4 {[%clk 1:31:20]}  e6 {[%clk 1:29:44]} 3. Nf3 {[%clk 1:31:43]}  d5 {[%clk 1:28:37]} 4. Nc3 {[%clk 1:31:54]}  Be7 {[%clk 1:27:36]} 5. Bf4 {[%clk 1:31:57]}  O-O {[%clk 1:26:27]} 6. e3 {[%clk 1:32:14]}  c5 {[%clk 1:21:09]} 7. dxc5 {[%clk 1:32:35]}  Bxc5 {[%clk 1:21:22]} 8. a3 {[%clk 1:32:26]}  Nc6 {[%clk 1:21:43]} 9. Qc2 {[%clk 1:32:49]}  Qa5 {[%clk 1:17:23]} 10. Rd1 {[%clk 1:27:50]}  Be7 {[%clk 1:15:50]} 11. Be2 {[%clk 1:26:08]}  Ne4 {[%clk 1:04:40]} 12. cxd5 {[%clk 1:26:18]}  Nxc3 {[%clk 1:04:59]} 13. Qxc3 {[%clk 1:24:14]}  Qxc3+ {[%clk 1:05:15]} 14. bxc3 {[%clk 1:24:38]}  exd5 {[%clk 1:05:39]} 15. Rxd5 {[%clk 1:24:42]}  Bxa3 {[%clk 1:05:14]} 16. Nd4 {[%clk 1:24:19]}  Nxd4 {[%clk 0:48:27]} 17. exd4 {[%clk 1:23:49]}  b6 {[%clk 0:30:50]} 18. Rb5 {[%clk 1:16:58]}  Re8 {[%clk 0:26:13]} 19. Kd2 {[%clk 1:03:17]}  Ba6 {[%clk 0:11:55]} 20. Re5 {[%clk 1:03:10]}  Bxe2 {[%clk 0:12:11]} 21. Rxe2 {[%clk 1:00:17]}  Rxe2+ {[%clk 0:11:59]} 22. Kxe2 {[%clk 1:00:40]}  b5 {[%clk 0:12:21]} 23. Rb1 {[%clk 0:54:59]}  a6 {[%clk 0:12:38]} 24. Kd3 {[%clk 0:54:01]}  f6 {[%clk 0:11:26]} 25. c4 {[%clk 0:50:06]}  bxc4+ {[%clk 0:09:58]} 26. Kxc4 {[%clk 0:50:28]}  Rc8+ {[%clk 0:09:13]} 27. Kd3 {[%clk 0:49:05]}  a5 {[%clk 0:08:24]} 28. Bd2 {[%clk 0:40:41]}  Bb4 {[%clk 0:07:45]} 29. Bxb4 {[%clk 0:40:34]}  Rb8 {[%clk 0:06:47]} 30. Rb2 {[%clk 0:37:04]}  axb4 {[%clk 0:07:09]} 31. Kc4 {[%clk 0:37:26]}  Rc8+ {[%clk 0:07:08]} 32. Kxb4 {[%clk 0:37:39]}  Kf7 {[%clk 0:07:36]} 33. Re2 {[%clk 0:36:29]}  Rd8 {[%clk 0:06:33]} 34. Kc5 {[%clk 0:35:21]}  Rc8+ {[%clk 0:06:51]} 35. Kb6 {[%clk 0:34:26]}  Rd8 {[%clk 0:07:13]} 36. Kc5 {[%clk 0:31:21]}  Rc8+ {[%clk 0:07:38]} 37. Kb4 {[%clk 0:31:22]}  Rd8 {[%clk 0:08:04]} 38. Kc4 {[%clk 0:31:20]}  Rc8+ {[%clk 0:08:30]} 39. Kd3 {[%clk 0:31:39]}  Rd8 {[%clk 0:08:51]} 40. g4 {[%clk 0:29:24]}  g6 {[%clk 0:05:45]} 41. f4 {[%clk 0:18:37]}  f5 {[%clk 0:00:45]} 42. gxf5 {[%clk 0:17:01]}  gxf5 {[%clk 0:01:13]} 43. Re5 {[%clk 0:17:10]}  Kf6 {[%clk 0:01:26]} 44. d5 {[%clk 0:15:38]}  Rd6 {[%clk 0:30:29]} 45. Kc4 {[%clk 0:44:31]}  Rd8 {[%clk 0:30:29]} 46. Kd4 {[%clk 0:31:59]}  Ra8 {[%clk 0:19:52]} 47. d6 {[%clk 0:29:57]}  Ra2 {[%clk 0:18:09]} 48. h4 {[%clk 0:28:18]}  Ra4+ {[%clk 0:13:49]} 49. Kd5 {[%clk 0:28:29]}  Ra5+ {[%clk 0:13:33]} 50. Kc6 {[%clk 0:28:39]}  Ra6+ {[%clk 0:13:53]} 51. Kc7 {[%clk 0:28:57]}  Ra7+ {[%clk 0:13:59]} 52. Kb6 {[%clk 0:29:16]}  Ra4 {[%clk 0:14:20]} 53. d7 {[%clk 0:28:30]}  Rd4 {[%clk 0:14:24]} 54. Kc6 {[%clk 0:28:05]} 1-0

[Event "45th FIDE Chess Olympiad Open"]
[Site "Budapest, Hungary"]
[Date "2024.09.22"]
[Round "11"]
[White "Amin, Bassem"]
[Black "Zhakshylykov, Erzhan"]
[Result "1-0"]
[Board "117"]
[WhiteFideId "10601457"]
[BlackFideId "13804111"]
[WhiteTitle "GM"]
[BlackTitle "IM"]
[WhiteElo "2636"]
[BlackElo "2327"]
[WhiteTeam "Egypt"]
[BlackTeam "Kyrgyzstan"]
[WhiteClock "0:11:30"]
[BlackClock "0:12:09"]
[Variant "Standard"]

1. e4 {[%clk 1:28:07]}  e5 {[%clk 1:30:52]} 2. Nf3 {[%clk 1:28:21]}  Nc6 {[%clk 1:31:16]} 3. Bb5 {[%clk 1:28:33]}  a6 {[%clk 1:31:23]} 4. Ba4 {[%clk 1:28:56]}  Nf6 {[%clk 1:31:48]} 5. O-O {[%clk 1:29:18]}  Be7 {[%clk 1:32:13]} 6. Re1 {[%clk 1:29:39]}  b5 {[%clk 1:32:38]} 7. Bb3 {[%clk 1:30:07]}  d6 {[%clk 1:32:58]} 8. c3 {[%clk 1:30:31]}  O-O {[%clk 1:33:23]} 9. h3 {[%clk 1:30:48]}  Nb8 {[%clk 1:33:28]} 10. d4 {[%clk 1:30:52]}  Nbd7 {[%clk 1:33:51]} 11. Nbd2 {[%clk 1:28:25]}  Bb7 {[%clk 1:34:16]} 12. Bc2 {[%clk 1:28:32]}  Re8 {[%clk 1:34:30]} 13. Nf1 {[%clk 1:26:31]}  Bf8 {[%clk 1:34:45]} 14. Ng3 {[%clk 1:26:52]}  g6 {[%clk 1:35:06]} 15. b3 {[%clk 1:22:20]}  Nb6 {[%clk 1:12:57]} 16. Rb1 {[%clk 1:14:01]}  Bg7 {[%clk 1:05:40]} 17. d5 {[%clk 1:08:54]}  c6 {[%clk 1:05:47]} 18. c4 {[%clk 1:09:11]}  Qc7 {[%clk 1:04:42]} 19. Bd3 {[%clk 1:09:05]}  Nfd7 {[%clk 1:04:33]} 20. Be3 {[%clk 1:08:01]}  Nc5 {[%clk 0:58:19]} 21. Bf1 {[%clk 1:07:51]}  bxc4 {[%clk 0:51:25]} 22. bxc4 {[%clk 1:06:35]}  a5 {[%clk 0:46:43]} 23. Bxc5 {[%clk 0:35:32]}  dxc5 {[%clk 0:47:09]} 24. d6 {[%clk 0:33:23]}  Qd8 {[%clk 0:47:34]} 25. d7 {[%clk 0:33:19]}  Re7 {[%clk 0:45:31]} 26. Qd6 {[%clk 0:33:37]}  Bf8 {[%clk 0:45:57]} 27. Red1 {[%clk 0:32:35]}  Ra6 {[%clk 0:38:50]} 28. Qf6 {[%clk 0:22:14]}  Ra8 {[%clk 0:31:19]} 29. Nxe5 {[%clk 0:11:42]}  Bg7 {[%clk 0:31:32]} 30. Nxc6 {[%clk 0:09:38]}  Bxc6 {[%clk 0:31:42]} 31. Qxc6 {[%clk 0:10:06]}  Rxd7 {[%clk 0:30:45]} 32. Rxd7 {[%clk 0:09:28]}  Nxd7 {[%clk 0:31:09]} 33. Rb7 {[%clk 0:08:18]}  Ne5 {[%clk 0:28:50]} 34. Qxc5 {[%clk 0:08:04]}  Qd2 {[%clk 0:29:13]} 35. Qd5 {[%clk 0:04:08]}  Rd8 {[%clk 0:28:36]} 36. Qxd2 {[%clk 0:04:02]}  Rxd2 {[%clk 0:29:05]} 37. a4 {[%clk 0:02:48]}  Ra2 {[%clk 0:28:49]} 38. c5 {[%clk 0:02:41]}  Rxa4 {[%clk 0:28:43]} 39. Bb5 {[%clk 0:02:19]}  Ra1+ {[%clk 0:27:40]} 40. Kh2 {[%clk 0:01:43]}  Rc1 {[%clk 0:20:29]} 41. f4 {[%clk 0:01:30]}  Nc4 {[%clk 0:17:52]} 42. Be8 {[%clk 0:19:56]}  Nd2 {[%clk 0:35:48]} 43. Bxf7+ {[%clk 0:16:22]}  Kf8 {[%clk 0:36:12]} 44. Ne2 {[%clk 0:13:43]}  Nf1+ {[%clk 0:27:52]} 45. Kg1 {[%clk 0:14:11]}  Ng3+ {[%clk 0:28:16]} 46. Kf2 {[%clk 0:13:43]}  Nxe4+ {[%clk 0:22:24]} 47. Ke3 {[%clk 0:14:09]}  Nxc5 {[%clk 0:11:23]} 48. Rb8+ {[%clk 0:14:24]}  Kxf7 {[%clk 0:11:48]} 49. Nxc1 {[%clk 0:14:50]}  a4 {[%clk 0:11:43]} 50. Rb5 {[%clk 0:13:13]}  Bf8 {[%clk 0:12:02]} 51. Ra5 {[%clk 0:12:54]}  Ke6 {[%clk 0:12:09]} 52. Ne2 {[%clk 0:11:30]} 1-0